[Event "FBL 1"]
[Site "?"]
[Date "2019.01.12"]
[Round "5.2"]
[White "Georgescu, Lena"]
[Black "Khademalsharieh, Sarasadat"]
[Result "0-1"]
[WhiteElo "2180"]
[BlackElo "2468"]
[PlyCount "152"]
[EventDate "2018.10.27"]
[EventType "team-tourn"]
[EventCountry "GER"]
[WhiteTeam "Karlsruher SF"]
[BlackTeam "Hamburger SK"]
[WhiteTeamCountry "GER"]
[BlackTeamCountry "GER"]

1. e4 e5 2. Nf3 Nc6 3. Bb5 a6 4. Ba4 Nf6 5. O-O b5 6. Bb3 Bb7 7. a4 Bc5 8. d3
h6 9. Nc3 b4 10. Nd5 Nxd5 11. Bxd5 d6 12. Be3 Bxe3 13. fxe3 O-O 14. a5 Rb8 15.
Nd2 Ne7 16. Bxb7 Rxb7 17. Qf3 Rb5 18. b3 Qd7 19. Nc4 Qe6 20. Qg3 Qg6 21. Qxg6
Nxg6 22. Rf2 f6 23. Kf1 Ne7 24. Ke2 Rd8 25. Kd2 c6 26. Kc1 Nc8 27. Kb2 d5 28.
Nd2 Nd6 29. exd5 cxd5 30. e4 dxe4 31. Nxe4 Nb7 32. Ra4 Rd4 33. Rf1 Kf7 34. Nd2
Nc5 35. Raa1 e4 36. Nxe4 Nxe4 37. dxe4 Rxe4 38. Rf2 Rd5 39. g3 Ke6 40. Ra4 h5
41. Ra1 Kd6 42. Raf1 Rxa5 43. Rf4 Rxf4 44. Rxf4 Rb5 45. c3 bxc3+ 46. Kxc3 a5
47. h3 Ke5 48. Rc4 Kd6 49. Rf4 Rd5 50. Kc4 Rg5 51. Rf3 Re5 52. Rd3+ Ke6 53. Rf3
g5 54. Rd3 f5 55. Rd8 Re4+ 56. Kc5 Rb4 57. Re8+ Kf7 58. Re3 h4 59. gxh4 gxh4
60. Kd6 Kf6 61. Rf3 Kg5 62. Ke5 Re4+ 63. Kd5 Re1 64. Kd4 f4 65. Rc3 Kf6 66.
Rc6+ Ke7 67. Rc7+ Kd6 68. Rf7 Rd1+ 69. Ke4 Re1+ 70. Kd4 Re3 71. Rf6+ Ke7 72.
Rxf4 Rxb3 73. Kc5 Rxh3 74. Kb5 Rh1 75. Ka4 h3 76. Kb3 h2 0-1

[Event "FBL 1"]
[Site "?"]
[Date "2019.01.12"]
[Round "5.1"]
[White "Bodnaruk, Anastasia"]
[Black "Bluhm, Sonja Maria"]
[Result "1-0"]
[WhiteElo "2413"]
[BlackElo "2235"]
[PlyCount "91"]
[EventDate "2018.10.27"]
[EventType "team-tourn"]
[EventCountry "GER"]
[WhiteTeam "Rodewischer Schachmiezen"]
[BlackTeam "Hofheim SV"]
[WhiteTeamCountry "GER"]
[BlackTeamCountry "GER"]

1. e4 e5 2. Nf3 Nc6 3. Bb5 a6 4. Ba4 Nf6 5. O-O Be7 6. Re1 b5 7. Bb3 d6 8. c3
O-O 9. h3 Nb8 10. d4 Nbd7 11. Nbd2 Bb7 12. Bc2 Re8 13. Nf1 Bf8 14. Ng3 g6 15.
a4 c6 16. b3 Qc7 17. Bb2 Rad8 18. axb5 cxb5 19. d5 Ra8 20. Qe2 Reb8 21. Nd2 Bc8
22. b4 Nb6 23. Ngf1 Nh5 24. Ne3 Nf4 25. Qf1 h5 26. Nf3 Be7 27. h4 Qd8 28. Kh1
Bf8 29. g3 Nh3 30. Nf5 gxf5 31. exf5 Nxd5 32. Qxh3 Nf6 33. Nh2 Bb7+ 34. f3 Bh6
35. g4 Bf4 36. g5 Nd5 37. f6 Bc8 38. Qf1 Bxh2 39. Qd3 Nxf6 40. Kxh2 e4 41. Qd2
Ne8 42. Bxe4 Ra7 43. c4 Qd7 44. Bf5 Qxf5 45. Rxe8+ Kh7 46. Rh8+ 1-0

[Event "FBL 1"]
[Site "?"]
[Date "2019.01.12"]
[Round "5.2"]
[White "Agrest, Inna"]
[Black "Tsolakidou, Stavroula"]
[Result "0-1"]
[WhiteElo "2275"]
[BlackElo "2414"]
[PlyCount "102"]
[EventDate "2018.10.27"]
[EventType "team-tourn"]
[EventCountry "GER"]
[WhiteTeam "Hofheim SV"]
[BlackTeam "Rodewischer Schachmiezen"]
[WhiteTeamCountry "GER"]
[BlackTeamCountry "GER"]

1. e4 c5 2. Nf3 e6 3. d4 cxd4 4. Nxd4 Nc6 5. Nc3 Qc7 6. Be3 a6 7. Qf3 Nf6 8.
O-O-O Rb8 9. Be2 Bb4 10. Bf4 e5 11. Bg3 Bxc3 12. bxc3 Ne7 13. Nb3 Ng6 14. h4 h5
15. Qd3 O-O 16. Bf3 d5 17. exd5 Bd7 18. c4 Rfc8 19. c5 a5 20. Qc3 a4 21. d6 Qb6
22. cxb6 Rxc3 23. Na5 Rc5 24. Nxb7 Rb5 25. Be2 Rxb7 26. Bxb5 Bxb5 27. Rhe1 Nd7
28. f3 Rxb6 29. Bf2 Rc6 30. Be3 Nxh4 31. Rd2 Nf5 32. Bf2 Bc4 33. a3 Be6 34.
Red1 h4 35. Kb2 g5 36. Rd3 Ra6 37. Kc1 Kg7 38. Be1 Ra8 39. Bb4 Kg6 40. Rc3 Nd4
41. Re1 Rh8 42. Ree3 h3 43. gxh3 Rxh3 44. Ba5 Rh2 45. Rc8 Rf2 46. Rg8+ Kf5 47.
Bd2 Nxf3 48. Bc3 e4 49. Ra8 Kf4 50. Rxf3+ Kxf3 51. Rxa4 g4 0-1

[Event "FBL 1"]
[Site "?"]
[Date "2019.01.12"]
[Round "5.1"]
[White "Exler, Veronika"]
[Black "Girya, Olga"]
[Result "1/2-1/2"]
[WhiteElo "2277"]
[BlackElo "2455"]
[PlyCount "129"]
[EventDate "2018.10.27"]
[EventType "team-tourn"]
[EventCountry "GER"]
[WhiteTeam "Muenchen FC Bayern"]
[BlackTeam "Koenigshofen SC"]
[WhiteTeamCountry "GER"]
[BlackTeamCountry "GER"]

1. d4 Nf6 2. c4 e6 3. Nf3 d5 4. g3 Bb4+ 5. Bd2 Be7 6. Bg2 O-O 7. O-O Nbd7 8.
Qc2 c6 9. Bf4 b6 10. Rd1 Ba6 11. b3 Rc8 12. Nc3 Bb4 13. a3 Be7 14. e4 dxc4 15.
Qe2 b5 16. bxc4 bxc4 17. d5 cxd5 18. exd5 exd5 19. Nxd5 Nxd5 20. Rxd5 Bb7 21.
Rdd1 Bf6 22. Rac1 Re8 23. Qa2 Qe7 24. Rxc4 Rxc4 25. Qxc4 Nb6 26. Qb5 Rc8 27.
Bd6 Qe6 28. Bb4 Qe8 29. Qxe8+ Rxe8 30. Re1 Rc8 31. Ne5 Bxg2 32. Kxg2 h5 33. Nd3
Nd5 34. Bc5 a6 35. Rb1 Nc3 36. Rb7 Ne4 37. Bb4 Rc2 38. Kf3 Ng5+ 39. Ke3 Ne6 40.
Rb8+ Kh7 41. h4 Bd4+ 42. Kf3 g5 43. Ra8 g4+ 44. Kg2 Rc6 45. Bd2 Rc2 46. Bb4 Kg6
47. Rxa6 Kf5 48. Be1 Ke4 49. Nb4 Rc1 50. Bd2 Rd1 51. Bh6 Rb1 52. Nc6 Bc5 53.
Ra4+ Kd5 54. Nb4+ Bxb4 55. Rxb4 Ra1 56. Be3 Rxa3 57. Rb5+ Ke4 58. Rxh5 f5 59.
Rh7 f4 60. gxf4 Nxf4+ 61. Bxf4 Kxf4 62. Rf7+ Ke5 63. f3 gxf3+ 64. Rxf3 Rxf3 65.
Kxf3 1/2-1/2

[Event "FBL 1"]
[Site "?"]
[Date "2019.01.13"]
[Round "6.1"]
[White "Muzychuk, Anna"]
[Black "Socko, Monika"]
[Result "0-1"]
[WhiteElo "2569"]
[BlackElo "2445"]
[PlyCount "66"]
[EventDate "2018.10.27"]
[EventType "team-tourn"]
[EventCountry "GER"]
[WhiteTeam "Baden Baden OSG"]
[BlackTeam "Hamburger SK"]
[WhiteTeamCountry "GER"]
[BlackTeamCountry "GER"]

1. e4 c6 2. d4 d5 3. e5 c5 4. Nf3 Nc6 5. dxc5 e6 6. a3 Bxc5 7. b4 Bb6 8. Bb2
Nge7 9. Bd3 Ng6 10. O-O Nf4 11. c4 Nxd3 12. Qxd3 O-O 13. Nbd2 Ne7 14. c5 Bc7
15. Rfe1 Ng6 16. Nb3 f6 17. g3 fxe5 18. Nxe5 Nxe5 19. Bxe5 Bxe5 20. Rxe5 Rxf2
21. Rxd5 exd5 22. Kxf2 Bh3 23. Rd1 Qf6+ 24. Qf3 Qg6 25. Kg1 Rf8 26. Qxd5+ Be6
27. Qd3 Qf7 28. Nd2 Qf2+ 29. Kh1 Bh3 30. Qd5+ Kh8 31. b5 Qe2 32. Rb1 h6 33. c6
Rf2 0-1

[Event "FBL 1"]
[Site "?"]
[Date "2019.01.13"]
[Round "6.3"]
[White "Muzychuk, Mariya"]
[Black "Hoolt, Sarah"]
[Result "1-0"]
[WhiteElo "2540"]
[BlackElo "2358"]
[PlyCount "93"]
[EventDate "2018.10.27"]
[EventType "team-tourn"]
[EventCountry "GER"]
[WhiteTeam "Baden Baden OSG"]
[BlackTeam "Hamburger SK"]
[WhiteTeamCountry "GER"]
[BlackTeamCountry "GER"]

1. c4 Nf6 2. Nc3 d5 3. cxd5 Nxd5 4. Nf3 e6 5. e4 Nxc3 6. bxc3 c5 7. Bc4 Nc6 8.
O-O Be7 9. d4 O-O 10. Bb2 b6 11. Qe2 Bb7 12. Rfd1 Qc7 13. Qe3 Na5 14. Bd3 c4
15. Bc2 Rae8 16. h4 f5 17. Re1 f4 18. Qe2 e5 19. Nxe5 Bxh4 20. Qg4 Bd8 21. Ba3
Bc8 22. Qh5 Be7 23. Bb4 Bxb4 24. cxb4 Nb7 25. Ba4 Re6 26. Rac1 Rh6 27. Qg5 Nd6
28. Bc6 b5 29. Rc3 Bb7 30. d5 Bc8 31. a4 a6 32. axb5 axb5 33. Bxb5 Nxb5 34.
Rxc4 Qb7 35. Rec1 Rhf6 36. Nc6 Nd6 37. e5 Nf7 38. Ne7+ Kh8 39. exf6 Nxg5 40.
Rxc8 gxf6 41. Rxf8+ Kg7 42. Rg8+ Kh6 43. d6 Qd7 44. Kh2 Kh5 45. Rh1 Nh3 46. g4+
fxg3+ 47. Kxg3 1-0

[Event "FBL 1"]
[Site "?"]
[Date "2019.01.13"]
[Round "6.4"]
[White "Osmanodja, Filiz"]
[Black "Zatonskih, Anna"]
[Result "1-0"]
[WhiteElo "2318"]
[BlackElo "2428"]
[PlyCount "121"]
[EventDate "2018.10.27"]
[EventType "team-tourn"]
[EventCountry "GER"]
[WhiteTeam "Hamburger SK"]
[BlackTeam "Baden Baden OSG"]
[WhiteTeamCountry "GER"]
[BlackTeamCountry "GER"]

1. e4 e5 2. Nf3 Nf6 3. Nxe5 d6 4. Nf3 Nxe4 5. Nc3 Nf6 6. d4 Be7 7. d5 O-O 8.
Bf4 c6 9. dxc6 bxc6 10. Bd3 d5 11. O-O c5 12. Nb5 Nc6 13. c4 d4 14. Nh4 g6 15.
Bh6 Re8 16. Qf3 Bd7 17. Bf4 Nh5 18. Bc7 Qc8 19. Nf5 Bf8 20. Rae1 Bxf5 21. Bxf5
Qxf5 22. Qxc6 Rec8 23. Nd6 Bxd6 24. Qxd6 Ng7 25. Ba5 Qc2 26. Qd5 Ne6 27. Rxe6
fxe6 28. Qxe6+ Kg7 29. Qe7+ Kg8 30. Qe6+ Kg7 31. Qe5+ Kh6 32. Qf4+ g5 33. Qd6+
Qg6 34. Qd5 Qc6 35. Qf5 Rf8 36. Qh3+ Kg6 37. Qd3+ Kg7 38. Qg3 Rf5 39. h4 h6 40.
Bd2 Qf6 41. Re1 Rf8 42. f3 Rf7 43. Qg4 Qc6 44. b4 Kg6 45. hxg5 hxg5 46. Bxg5
Kh7 47. Qh4+ Kg8 48. Bh6 R5f6 49. Bg5 Rf5 50. b5 Qg6 51. f4 d3 52. Rd1 Rd7 53.
Qg3 Rf8 54. Qe3 Re8 55. Qh3 Qe6 56. Rxd3 Qe1+ 57. Kh2 Rh7 58. Bh6 Re6 59. Rd8+
Kf7 60. Qf5+ Ke7 61. Qf8# 1-0

[Event "FBL 1"]
[Site "?"]
[Date "2019.01.13"]
[Round "6.1"]
[White "Burchardt, Brigitte"]
[Black "Shvayger, Yuliya"]
[Result "1/2-1/2"]
[WhiteElo "2166"]
[BlackElo "2387"]
[PlyCount "127"]
[EventDate "2018.10.27"]
[EventType "team-tourn"]
[EventCountry "GER"]
[WhiteTeam "Berlin SC Rotation Pankow"]
[BlackTeam "Deizisau SF"]
[WhiteTeamCountry "GER"]
[BlackTeamCountry "GER"]

1. e4 c5 2. Nc3 Nc6 3. g3 g6 4. Bg2 Bg7 5. d3 d6 6. Be3 Rb8 7. Qd2 b5 8. f4 b4
9. Nd1 e6 10. Nh3 Nge7 11. O-O O-O 12. Kh1 Bd7 13. g4 f5 14. gxf5 exf5 15. Ng5
Nd4 16. c3 bxc3 17. bxc3 Ne6 18. Nxe6 Bxe6 19. Rc1 Qa5 20. Re1 Rf7 21. e5 Rd8
22. exd6 Rxd6 23. Qf2 Bd5 24. Bxc5 Bxg2+ 25. Kxg2 Rd7 26. d4 h5 27. Rc2 Nd5 28.
Ne3 Nf6 29. Nc4 Qa4 30. Ne5 Ne4 31. Rxe4 fxe4 32. Re2 Bxe5 33. dxe5 Qc6 34. Bd4
g5 35. f5 e3+ 36. Qf3 Qxf3+ 37. Kxf3 Rxf5+ 38. Kxe3 Kf7 39. Rb2 Ke6 40. Rb8 g4
41. Rh8 Kd5 42. c4+ Kxc4 43. Ke4 Rff7 44. Be3 Rh7 45. Rc8+ Rc7 46. Rd8 h4 47.
Bf4 Rcg7 48. Rc8+ Kb4 49. e6 g3 50. hxg3 h3 51. Bd6+ Kb5 52. e7 Rxe7+ 53. Bxe7
h2 54. Rc1 h1=Q+ 55. Rxh1 Rxh1 56. Kf5 Rf1+ 57. Kg5 Re1 58. Bf6 Re2 59. a3 Re3
60. g4 Rxa3 61. Kg6 Kc6 62. Kf7 Rg3 63. g5 Rxg5 64. Bxg5 1/2-1/2

[Event "FBL 1"]
[Site "?"]
[Date "2019.01.13"]
[Round "6.2"]
[White "Schleining, Zoya"]
[Black "Jahn, Constanze"]
[Result "1-0"]
[WhiteElo "2369"]
[BlackElo "2079"]
[PlyCount "77"]
[EventDate "2018.10.27"]
[EventType "team-tourn"]
[EventCountry "GER"]
[WhiteTeam "Deizisau SF"]
[BlackTeam "Berlin SC Rotation Pankow"]
[WhiteTeamCountry "GER"]
[BlackTeamCountry "GER"]

1. d4 Nf6 2. Nf3 d5 3. c4 e6 4. Nc3 Be7 5. Bg5 O-O 6. e3 Nbd7 7. Qc2 c6 8. Rd1
Ne8 9. Bxe7 Qxe7 10. Bd3 g6 11. O-O f5 12. Nd2 Nd6 13. f4 Nf6 14. c5 Nde4 15.
Nf3 Ng4 16. Rde1 Bd7 17. h3 Nh6 18. Ne5 Nf7 19. Bxe4 fxe4 20. Qb3 Be8 21. a3
Kg7 22. Nd1 h5 23. Nf2 Nxe5 24. fxe5 Rb8 25. Nh1 Rf5 26. Ng3 Rg5 27. Kh2 h4 28.
Nh1 Rf5 29. Nf2 g5 30. Ng4 Bg6 31. Nf6 Rh8 32. Qa4 a6 33. Qd1 Rxf1 34. Rxf1 Bf5
35. b4 Qd8 36. Qe2 Qe7 37. a4 Qc7 38. Rb1 Rh6 39. Ne8+ 1-0

[Event "FBL 1"]
[Site "?"]
[Date "2019.01.13"]
[Round "6.3"]
[White "Wagner Michel, Annett"]
[Black "Klek, Hanna Marie"]
[Result "1/2-1/2"]
[WhiteElo "2109"]
[BlackElo "2311"]
[PlyCount "106"]
[EventDate "2018.10.27"]
[EventType "team-tourn"]
[EventCountry "GER"]
[WhiteTeam "Berlin SC Rotation Pankow"]
[BlackTeam "Deizisau SF"]
[WhiteTeamCountry "GER"]
[BlackTeamCountry "GER"]

1. e4 e5 2. Nf3 Nc6 3. Nc3 Nf6 4. d4 exd4 5. Nxd4 Bb4 6. Nxc6 bxc6 7. Bd3 d5 8.
exd5 O-O 9. O-O cxd5 10. Bg5 c6 11. Qf3 Bd6 12. Bxf6 Qxf6 13. Qxf6 gxf6 14. Ne2
Rb8 15. b3 Re8 16. Rfe1 Bd7 17. Rad1 Re5 18. Nd4 Bb4 19. Re3 Rbe8 20. Rg3+ Kh8
21. Bf1 c5 22. Nf3 Rh5 23. h3 d4 24. Bc4 Re7 25. a4 Ba5 26. Nd2 Bc6 27. Bb5 Bb7
28. Rd3 Rg5 29. g3 f5 30. Nf3 Rg8 31. Nh4 Be4 32. Bc4 f4 33. g4 h5 34. f3 Bxd3
35. Bxd3 hxg4 36. hxg4 Re1+ 37. Rxe1 Bxe1 38. Nf5 Rd8 39. Bc4 Rd7 40. Bb5 Rc7
41. Bc4 Kh7 42. Kf1 Bb4 43. Ke2 Kg6 44. Kd3 Kg5 45. Ke4 Rd7 46. Ke5 Ba5 47. Bb5
Rd8 48. Ke4 Bc7 49. Kd3 Rh8 50. Bc6 Rh2 51. Be4 Bb6 52. Kc4 Re2 53. Kd5 Kf6
1/2-1/2

[Event "FBL 1"]
[Site "?"]
[Date "2019.01.13"]
[Round "6.4"]
[White "Misanovic, Vesna"]
[Black "Goehler, Antje"]
[Result "1/2-1/2"]
[WhiteElo "2259"]
[BlackElo "2082"]
[PlyCount "101"]
[EventDate "2018.10.27"]
[EventType "team-tourn"]
[EventCountry "GER"]
[WhiteTeam "Deizisau SF"]
[BlackTeam "Berlin SC Rotation Pankow"]
[WhiteTeamCountry "GER"]
[BlackTeamCountry "GER"]

1. d4 d5 2. Bf4 e6 3. Nf3 Nf6 4. e3 Be7 5. h3 O-O 6. Bd3 c5 7. c3 Nc6 8. Nbd2
b6 9. O-O Bb7 10. Qe2 Nh5 11. Bh2 g6 12. dxc5 bxc5 13. e4 Ng7 14. Rfd1 f5 15.
exd5 exd5 16. Ba6 Bxa6 17. Qxa6 Qc8 18. Qa4 Rd8 19. Ne5 Nxe5 20. Bxe5 Qd7 21.
Qb3 Rac8 22. Nf3 Ne6 23. Rd2 Ng5 24. Nxg5 Bxg5 25. f4 Be7 26. Rad1 c4 27. Qc2
Qc6 28. b4 a5 29. a3 Ra8 30. Qb2 Qb5 31. Kh1 Ra7 32. g4 fxg4 33. hxg4 Rad7 34.
f5 d4 35. Bxd4 Qd5+ 36. Rg2 Qf3 37. Qe2 Qxe2 38. Rxe2 axb4 39. axb4 Bf6 40. Re4
Bxd4 41. Rexd4 Rxd4 42. cxd4 gxf5 43. gxf5 Rd5 44. Kg2 Rxf5 45. Rc1 Kf7 46.
Rxc4 Ke6 47. Rc6+ Kd7 48. Rh6 Rf4 49. Rxh7+ Kc6 50. Rh6+ Kc7 51. Rh7+ 1/2-1/2

[Event "FBL 1"]
[Site "?"]
[Date "2019.01.13"]
[Round "6.5"]
[White "Heyme, Sibylle"]
[Black "Jelica, Mara"]
[Result "1/2-1/2"]
[WhiteElo "2044"]
[BlackElo "2152"]
[PlyCount "94"]
[EventDate "2018.10.27"]
[EventType "team-tourn"]
[EventCountry "GER"]
[WhiteTeam "Berlin SC Rotation Pankow"]
[BlackTeam "Deizisau SF"]
[WhiteTeamCountry "GER"]
[BlackTeamCountry "GER"]

1. e4 c5 2. Nc3 Nc6 3. b3 g6 4. Bb2 Bg7 5. f4 e6 6. Nf3 Nge7 7. g3 O-O 8. Bg2
d6 9. O-O Bd7 10. Qc1 Nd4 11. Kh1 Nec6 12. Nd1 Rc8 13. c3 Nxf3 14. Bxf3 e5 15.
Ne3 exf4 16. gxf4 Qh4 17. Nd5 Be6 18. Qe1 Qh6 19. Qg3 Bxd5 20. exd5 Ne7 21.
Rae1 Bf6 22. Re4 Nxd5 23. Ra4 Bh4 24. Qg4 Nf6 25. Qh3 d5 26. Rxa7 Qxf4 27. Bg2
Qg5 28. d4 Ne4 29. Bxe4 dxe4 30. Bc1 Qh5 31. dxc5 Rxc5 32. Ba3 e3 33. Qxe3 Re5
34. Qf3 Qxf3+ 35. Rxf3 Rd8 36. Rxb7 f5 37. c4 Re2 38. Rf1 Rdd2 39. Rb8+ Bd8 40.
Rc1 Rxh2+ 41. Kg1 Rhe2 42. Bb4 Rg2+ 43. Kh1 Rh2+ 44. Kg1 Rdg2+ 45. Kf1 Rf2+ 46.
Kg1 Rhg2+ 47. Kh1 Rh2+ 1/2-1/2

[Event "FBL 1"]
[Site "?"]
[Date "2019.01.13"]
[Round "6.6"]
[White "Straub, Natalia"]
[Black "Wolf, Sylvia"]
[Result "1/2-1/2"]
[WhiteElo "2154"]
[BlackElo "1998"]
[PlyCount "50"]
[EventDate "2018.10.27"]
[EventType "team-tourn"]
[EventCountry "GER"]
[WhiteTeam "Deizisau SF"]
[BlackTeam "Berlin SC Rotation Pankow"]
[WhiteTeamCountry "GER"]
[BlackTeamCountry "GER"]

1. d4 Nf6 2. c4 c5 3. d5 e6 4. Nc3 exd5 5. cxd5 d6 6. Nf3 g6 7. g3 Bg7 8. Bg2
O-O 9. O-O a6 10. a4 Nbd7 11. Bf4 Qc7 12. h3 Rb8 13. Rc1 b5 14. axb5 axb5 15.
b4 Qb6 16. bxc5 dxc5 17. Bxb8 Qxb8 18. Qb3 Ba6 19. Rfe1 b4 20. Na2 Ne4 21. Rc2
Qb6 22. e3 Rb8 23. Bf1 Ra8 24. Bxa6 Rxa6 25. Nxb4 Qxb4 1/2-1/2

[Event "FBL 1"]
[Site "?"]
[Date "2019.01.13"]
[Round "6.4"]
[White "Schenk, Stefanie"]
[Black "Kushka, Alena"]
[Result "0-1"]
[WhiteElo "2090"]
[BlackElo "2165"]
[PlyCount "112"]
[EventDate "2018.10.27"]
[EventType "team-tourn"]
[EventCountry "GER"]
[WhiteTeam "Muenchen FC Bayern"]
[BlackTeam "Hofheim SV"]
[WhiteTeamCountry "GER"]
[BlackTeamCountry "GER"]

1. c4 c5 2. Nc3 Nc6 3. g3 g6 4. Bg2 Bg7 5. Nf3 Nf6 6. O-O O-O 7. d3 d5 8. cxd5
Nxd5 9. Nxd5 Qxd5 10. Nd2 Qh5 11. Nf3 Bh3 12. Bxh3 Qxh3 13. Qb3 b6 14. Bd2 Rad8
15. Bc3 Bxc3 16. bxc3 h6 17. Qa4 Rd6 18. Qh4 Qxh4 19. Nxh4 Rfd8 20. Nf3 e5 21.
Nd2 f5 22. Nc4 Re6 23. Rfd1 Kf7 24. a4 Re7 25. Kf1 Red7 26. Ke1 Ke6 27. Ne3 e4
28. dxe4 Rxd1+ 29. Rxd1 Rxd1+ 30. Kxd1 fxe4 31. Kc2 a6 32. h4 b5 33. axb5 axb5
34. Ng4 h5 35. Ne3 Ne5 36. Kd2 Ng4 37. f3 exf3 38. exf3 Ne5 39. Ke2 Nc6 40. Kd3
Ke5 41. Nc2 Kd5 42. Ne3+ Ke5 43. Nc2 Ne7 44. Ne3 Nf5 45. Nf1 Kd5 46. Ne3+ Nxe3
47. Kxe3 Kc4 48. Kd2 b4 49. cxb4 cxb4 50. Kc2 Kd4 51. g4 Ke3 52. gxh5 gxh5 53.
Kb3 Kxf3 54. Kxb4 Kg4 55. Kc3 Kxh4 56. Kd3 Kg3 0-1

[Event "FBL 1"]
[Site "?"]
[Date "2019.01.13"]
[Round "6.1"]
[White "Girya, Olga"]
[Black "Bodnaruk, Anastasia"]
[Result "1-0"]
[WhiteElo "2455"]
[BlackElo "2413"]
[PlyCount "137"]
[EventDate "2018.10.27"]
[EventType "team-tourn"]
[EventCountry "GER"]
[WhiteTeam "Koenigshofen SC"]
[BlackTeam "Rodewischer Schachmiezen"]
[WhiteTeamCountry "GER"]
[BlackTeamCountry "GER"]

1. d4 Nf6 2. c4 g6 3. Nc3 d5 4. cxd5 Nxd5 5. e4 Nxc3 6. bxc3 Bg7 7. Nf3 c5 8.
h3 O-O 9. Be3 Nc6 10. Be2 cxd4 11. cxd4 f5 12. Bc4+ Kh8 13. O-O f4 14. Bd2 Nxd4
15. Bc3 Be6 16. Bxe6 Nxe6 17. Qb3 Qb6 18. Bxg7+ Nxg7 19. Qa3 Qe6 20. Rac1 Rfc8
21. Rxc8+ Rxc8 22. Qxa7 Qa6 23. Qd4 Qxa2 24. Qd7 Qe6 25. Qxb7 h6 26. Rd1 Re8
27. Ra1 Qc8 28. Qb6 Qe6 29. Qb7 Qc8 30. Qb5 Qb8 31. Qc5 Qd6 32. Qc4 Qe6 33.
Qxe6 Nxe6 34. Ra6 Nf8 35. Ne5 Kg7 36. h4 Rc8 37. Kh2 Rc5 38. Nd3 Rh5 39. g3
fxg3+ 40. fxg3 Rb5 41. Kg2 Rb3 42. Nf4 Re3 43. Ra4 g5 44. Nd5 Rb3 45. Ra7 gxh4
46. Rxe7+ Kh8 47. gxh4 Ng6 48. Re8+ Kg7 49. h5 Kf7 50. Ra8 Nh4+ 51. Kf2 Nf3 52.
Kg3 Ng5+ 53. Kf4 Rf3+ 54. Ke5 Rh3 55. Ra7+ Kf8 56. Nf6 Rh4 57. Kf5 Rh1 58. e5
Rg1 59. e6 Nxe6 60. Nh7+ Kg8 61. Kxe6 Kh8 62. Nf6 Re1+ 63. Kf7 Ra1 64. Re7 Ra7
65. Nd7 Kh7 66. Nf8+ Kh8 67. Ng6+ Kh7 68. Kf6+ Kg8 69. Re8+ 1-0

[Event "FBL 1"]
[Site "?"]
[Date "2019.01.13"]
[Round "6.2"]
[White "Tsolakidou, Stavroula"]
[Black "Schneider, Jana"]
[Result "1-0"]
[WhiteElo "2414"]
[BlackElo "2200"]
[PlyCount "115"]
[EventDate "2018.10.27"]
[EventType "team-tourn"]
[EventCountry "GER"]
[WhiteTeam "Rodewischer Schachmiezen"]
[BlackTeam "Koenigshofen SC"]
[WhiteTeamCountry "GER"]
[BlackTeamCountry "GER"]

1. d4 Nf6 2. c4 e6 3. g3 d5 4. Bg2 Bb4+ 5. Bd2 Bd6 6. Nf3 Nbd7 7. Qb3 O-O 8.
O-O c6 9. Nc3 dxc4 10. Qxc4 e5 11. Rad1 Qe7 12. Bg5 h6 13. Bxf6 Nxf6 14. dxe5
Bxe5 15. Nxe5 Qxe5 16. Qd4 Qe7 17. Qd6 Re8 18. Qxe7 Rxe7 19. Rd8+ Re8 20. Rfd1
Kf8 21. Rxe8+ Kxe8 22. b4 Bd7 23. e4 a5 24. b5 cxb5 25. e5 Ng8 26. Bxb7 Rb8 27.
Bd5 Rd8 28. Nxb5 Bxb5 29. Bxf7+ Kxf7 30. Rxd8 Ne7 31. f4 h5 32. Kf2 Bc4 33. a3
a4 34. Ke3 Bb3 35. Kd3 Nf5 36. Rd7+ Ke6 37. Ra7 Ne7 38. h3 g6 39. Ra6+ Kf7 40.
g4 hxg4 41. hxg4 Kg7 42. Kd4 Bd1 43. Ra7 Kf8 44. Kc5 Bb3 45. Ra6 Kg7 46. Kd6
Nd5 47. Ra7+ Kf8 48. e6 Nb6 49. Ke5 Ba2 50. Ra6 Nd5 51. Rxa4 Ne3 52. Ra8+ Ke7
53. Ra7+ Kf8 54. Kd6 Nxg4 55. e7+ Kf7 56. Ra8 Nf6 57. Rf8+ Kg7 58. Rxf6 1-0

[Event "FBL 1"]
[Site "?"]
[Date "2019.01.13"]
[Round "6.1"]
[White "Sieber, Fiona"]
[Black "Atalik, Ekaterina"]
[Result "0-1"]
[WhiteElo "2264"]
[BlackElo "2447"]
[PlyCount "100"]
[EventDate "2018.10.27"]
[EventType "team-tourn"]
[EventCountry "GER"]
[WhiteTeam "Lehrte SK"]
[BlackTeam "Schwaebisch Hall SK"]
[WhiteTeamCountry "GER"]
[BlackTeamCountry "GER"]

1. e4 e5 2. Nf3 Nc6 3. Bb5 a6 4. Ba4 Nf6 5. O-O Be7 6. Re1 b5 7. Bb3 d6 8. c3
O-O 9. h3 Bb7 10. d4 Nd7 11. Nbd2 exd4 12. cxd4 Re8 13. Nf1 Bf6 14. Rb1 Na5 15.
Bc2 c5 16. d5 Nc4 17. N3h2 Nce5 18. f4 Ng6 19. Nf3 Rc8 20. Ne3 Nh4 21. b3 Nxf3+
22. Qxf3 g6 23. Bd3 Bd4 24. Kh2 Ba8 25. Bb2 Qf6 26. Ng4 Qg7 27. Bxd4 cxd4 28.
a4 Rc3 29. Rec1 h5 30. Nf2 bxa4 31. bxa4 Nc5 32. Rxc3 dxc3 33. Bc2 Qd4 34. Rd1
Qf6 35. Qe3 a5 36. e5 Qe7 37. Qxc3 dxe5 38. fxe5 Qxe5+ 39. Qxe5 Rxe5 40. d6 Bc6
41. Rd2 Kf8 42. g4 h4 43. g5 Ke8 44. Ng4 Re1 45. Nf2 Kd7 46. Bd1 Ne6 47. Bg4
Rf1 48. Re2 Kxd6 49. Ne4+ Bxe4 50. Rxe4 Rf4 0-1

[Event "FBL 1"]
[Site "?"]
[Date "2019.01.13"]
[Round "6.2"]
[White "Bulmaga, Irina"]
[Black "Schulze, Lara"]
[Result "1-0"]
[WhiteElo "2407"]
[BlackElo "2175"]
[PlyCount "81"]
[EventDate "2018.10.27"]
[EventType "team-tourn"]
[EventCountry "GER"]
[WhiteTeam "Schwaebisch Hall SK"]
[BlackTeam "Lehrte SK"]
[WhiteTeamCountry "GER"]
[BlackTeamCountry "GER"]

1. e4 c5 2. Nf3 d6 3. d4 cxd4 4. Nxd4 Nf6 5. Nc3 Nc6 6. Bg5 e6 7. Qd2 a6 8.
O-O-O Bd7 9. f3 h6 10. Be3 b5 11. Kb1 Ne5 12. a3 Qc7 13. g4 Rb8 14. h4 Qb7 15.
Be2 g6 16. Nb3 Nc4 17. Qc1 Bg7 18. Bd4 e5 19. Be3 Be6 20. g5 hxg5 21. hxg5 Rxh1
22. Rxh1 Nh5 23. Bxc4 bxc4 24. Nd2 Nf4 25. Ka1 Kf8 26. Rd1 d5 27. exd5 Bxd5 28.
Nde4 Bxe4 29. Bc5+ Kg8 30. fxe4 Ne6 31. Bd6 Rd8 32. Bb4 Nd4 33. Nd5 Bf8 34. Bc3
Rxd5 35. exd5 Qxd5 36. Qd2 Bc5 37. Kb1 Qd7 38. Re1 Qc7 39. Qe3 Nxc2 40. Qxe5
Qxe5 41. Rxe5 1-0

[Event "FBL 1"]
[Site "?"]
[Date "2019.01.13"]
[Round "6.3"]
[White "Boehm, Jana"]
[Black "Vega Gutierrez, Sabrina"]
[Result "0-1"]
[WhiteElo "2009"]
[BlackElo "2390"]
[PlyCount "86"]
[EventDate "2018.10.27"]
[EventType "team-tourn"]
[EventCountry "GER"]
[WhiteTeam "Lehrte SK"]
[BlackTeam "Schwaebisch Hall SK"]
[WhiteTeamCountry "GER"]
[BlackTeamCountry "GER"]

1. e4 c5 2. Nf3 e6 3. d4 cxd4 4. Nxd4 Nc6 5. Nc3 a6 6. Be3 Nf6 7. Bd3 Qc7 8.
O-O Nxd4 9. Bxd4 Bc5 10. Be2 d6 11. Qd3 Bxd4 12. Qxd4 e5 13. Qb4 Be6 14. Rad1
Qc5 15. a3 O-O-O 16. Rd2 Qxb4 17. axb4 d5 18. exd5 Nxd5 19. Nxd5 Rxd5 20. Rxd5
Bxd5 21. b5 axb5 22. Bxb5 Kc7 23. Rd1 Be6 24. Kf1 Ra8 25. c3 Ra2 26. Rd2 Ra1+
27. Ke2 Rg1 28. Kf3 g5 29. h3 f5 30. Kg3 e4 31. f4 h6 32. Kf2 Rh1 33. Ke3 Bc8
34. Be2 Rg1 35. Kf2 Rb1 36. Ke3 Bd7 37. fxg5 hxg5 38. g4 f4+ 39. Kxe4 Rh1 40.
Ke5 Rh2 41. Kf6 f3 42. Rxd7+ Kxd7 43. Bxf3 Rf2 0-1